000 00599nam a22001937a 4500
003 OSt
005 20260422064652.0
008 260126b |||||||| |||| 00| 0 eng d
020 _a0-07-249135-3.
040 _aDWCL-Main lib
_cOC
082 _26th edition
_aCirc. 781.17 F394m 2003
100 _aFerris, Jean
245 _aMusic :
_bthe art of listening
_cFerris, Jean
260 _aN. Y. :
_bMcGraw-Hill Co.,
_cc2003.
300 _axxxiv (various paging) :
_bcolored illustration ;
_c25 cm. + CD-ROM.
504 _aIncludes index.
650 _a1. Music.
942 _2ddc
_cBK-CIRC
_e6th ed.
_kCirc.
_n0
999 _c7792
_d7792